[Event "HUN-chT 1920"]
[Site "Hungary"]
[Date "2019.11.16"]
[Round "1.3"]
[White "Sedlak, Nikola"]
[Black "Nestorovic, Dejan"]
[Result "1-0"]
[WhiteElo "2557"]
[BlackElo "2338"]
[PlyCount "69"]
[EventDate "2019.11.16"]
[EventType "team-tourn"]
[EventRounds "9"]
[EventCountry "HUN"]
[SourceTitle "CBM 193 Extra"]
[Source "ChessBase"]
[SourceDate "2020.01.31"]
[SourceVersion "1"]
[SourceVersionDate "2020.01.31"]
[SourceQuality "1"]
[WhiteTeam "Paks"]
[BlackTeam "Maroczy"]
[WhiteTeamCountry "HUN"]
[BlackTeamCountry "HUN"]

1. d4 Nf6 2. Nf3 e6 3. Bf4 c5 4. c3 Nc6 5. e3 d5 6. Nbd2 Bd6 7. Bg3 0-0 8. Bd3 b6 9. Qe2 Bb7 10. Rd1 Be7 11. Ne5 c4 12. Bc2 b5 13. a3 Nd7 14. Nxd7 Qxd7 15. Nf3 a5 16. h4 f5 17. Bf4 Bd6 18. h5 Qc7 19. Ng5 Rae8 20. Bxd6 Qxd6 21. f4 Nb8 22. g4 Nd7 23. Rg1 b4 24. Kd2 Re7 25. Rg3 Bc8 26. Rdg1 bxc3+ 27. bxc3 Nf6 28. gxf5 exf5 29. Qg2 Kh8 30. Nxh7 Nxh7 31. Rg6 Qd7 32. h6 Rff7 33. Rh1 Kg8 34. Qh3 Nf8 35. hxg7 1-0

[Event "SRB-chT 1st League"]
[Site "Bajina Basta"]
[Date "2019.09.18"]
[Round "8.22"]
[White "Rabrenovic, Vladan"]
[Black "Nestorovic, Dejan"]
[Result "1-0"]
[WhiteElo "2318"]
[BlackElo "2335"]
[PlyCount "55"]
[EventDate "2019.09.13"]
[EventType "team-tourn"]
[EventRounds "11"]
[EventCountry "SRB"]
[SourceTitle "CBM 195 Extra"]
[Source "ChessBase"]
[SourceDate "2020.05.31"]
[SourceVersion "1"]
[SourceVersionDate "2020.05.31"]
[SourceQuality "1"]
[WhiteTeam "Metalac"]
[BlackTeam "Petrovac Sloga"]
[WhiteTeamCountry "SRB"]
[BlackTeamCountry "SRB"]

1. d4 Nf6 2. c4 e6 3. Nc3 Bb4 4. g3 0-0 5. Bg2 d6 6. Nf3 Nc6 7. 0-0 e5 8. d5 Nb8 9. Na4 Ba5 10. a3 Bd7 11. b4 Bxa4 12. Qxa4 Bb6 13. Qc2 Nbd7 14. Bb2 Qe7 15. e4 a5 16. Nh4 g6 17. Bh3 Rfe8 18. Nf3 Ra6 19. Nd2 Rea8 20. c5 dxc5 21. b5 R6a7 22. Nc4 Rd8 23. f4 exf4 24. Rxf4 Nh5 25. Qc3 f6 26. Be6+ Kg7 27. Rf3 g5 28. Raf1 1-0

[Event "Senta op 23rd"]
[Site "Senta"]
[Date "2019.07.25"]
[Round "8"]
[White "Nestorovic, Dejan"]
[Black "Vlajkovic, Goran"]
[Result "1-0"]
[WhiteElo "2341"]
[BlackElo "2183"]
[PlyCount "59"]
[EventDate "2019.07.19"]
[EventType "swiss"]
[EventRounds "9"]
[EventCountry "SRB"]
[SourceTitle "EXT 2020"]
[Source "ChessBase"]
[SourceDate "2019.10.17"]
[SourceVersion "1"]
[SourceVersionDate "2019.10.17"]
[SourceQuality "1"]

1. Nf3 d5 2. c4 c6 3. e3 Nf6 4. b3 Bf5 5. Bb2 e6 6. Be2 h6 7. 0-0 Be7 8. d3 0-0 9. Nbd2 Nbd7 10. Qc2 Bh7 11. Rac1 a5 12. a3 Qb8 13. Qb1 Rd8 14. Rfd1 Nc5 15. cxd5 Nxd5 16. Bd4 Nd7 17. Qa1 f6 18. g3 c5 19. Bb2 a4 20. e4 N5b6 21. Qa2 Kh8 22. bxa4 Nxa4 23. Ba1 Bg8 24. Rb1 Qa7 25. Rb5 e5 26. Qb1 b6 27. Rc1 Nb8 28. Nc4 Bxc4 29. Rxc4 Nc6 30. Bd1 1-0